| 000 | 00774nam a22002297a 4500 | ||
|---|---|---|---|
| 999 |
_c14805 _d14805 |
||
| 003 | AR-CdUCM | ||
| 008 | 190424b ||||| |||| 00| 0 spa d | ||
| 020 | _a978-607-21-0459-4 | ||
| 040 |
_aMUNICIPALIDAD PROVINCIAL DEL CUSCO _cBIBLIOTECA MUNICIPAL DEL CUSCO |
||
| 082 |
_aPI / 376.1 / _bL26 |
||
| 110 |
_aLAROUSSE _928781 |
||
| 245 | _aMini larousse visual de la casa /: | ||
| 260 |
_aMéxico : _bLarousse, _c2012.. |
||
| 300 |
_a251 paginas ; _bIlustraciones, _c14 cm. |
||
| 500 | _aTitulo original: Mon mini imagier de la maison | ||
| 505 | _aContenido : Fotografías | ||
| 650 |
_aFotografías de artículos _933702 |
||
| 650 |
_aArticulos del hogar _933703 |
||
| 650 |
_aFotografías para niños (as) _933704 |
||
| 942 |
_2ddc _cLIBROS |
||
| 945 |
_awnts _d2019-04-24 |
||